[Event "Georgetown Rating"]
[Site "Georgetown"]
[Date "2010.07.03"]
[Round "6"]
[White "Barker, Michael"]
[Black "Singh, Ryan"]
[Result "1-0"]
[WhiteElo "1729"]
[BlackElo "1456"]
[PlyCount "55"]
[EventDate "2010.07.01"]
[EventType "tourn"]
[EventRounds "9"]
[EventCountry "GUY"]
[SourceTitle "EXT 2024"]
[Source "ChessBase"]
[SourceDate "2023.10.10"]
[SourceVersion "1"]
[SourceVersionDate "2023.10.10"]
[SourceQuality "1"]

1. c4 e5 2. Nc3 Nf6 3. e3 c6 4. g3 d5 5. cxd5 Nxd5 6. a3 Be6 7. Bg2 Be7 8. Nge2 0-0 9. 0-0 Nd7 10. d4 Bf6 11. Nxd5 Bxd5 12. Bxd5 cxd5 13. b4 e4 14. f3 Bg5 15. fxe4 dxe4 16. Nc3 f5 17. Qb3+ Kh8 18. Nd5 b5 19. Bd2 h5 20. Rf2 Rc8 21. Rc1 Rxc1+ 22. Bxc1 Nb6 23. Nxb6 Qxb6 24. Qd5 Qc7 25. Qc5 Qd7 26. Qxf8+ Kh7 27. Qxf5+ Qxf5 28. Rxf5 1-0